[Event "Asian Cities-chT"]
[Site "Khanty-Mansiysk"]
[Date "2024.04.25"]
[Round "5.4"]
[White "Gilfanov, Marat I"]
[Black "Poormosavi, Seyed Kian"]
[Result "0-1"]
[WhiteElo "2080"]
[BlackElo "2392"]
[PlyCount "76"]
[EventDate "2024.04.21"]
[EventType "team-swiss"]
[EventRounds "9"]
[EventCountry "RUS"]
[SourceTitle "CB18_2024"]
[SourceDate "2024.05.01"]
[SourceVersion "1"]
[SourceVersionDate "2024.05.01"]
[SourceQuality "2"]
[WhiteTeam "Moscow"]
[BlackTeam "Tehran"]
[WhiteTeamCountry "RUS"]
[BlackTeamCountry "IRI"]

1. e4 g6 2. d4 Bg7 3. Nc3 d6 4. f4 c6 5. Nf3 b5 6. e5 d5 7. Bd3 h5 8. Ng5 Bg4 9. Qd2 Nh6 10. e6 Qd6 11. exf7+ Nxf7 12. Nxf7 Kxf7 13. Qf2 Bf5 14. Bxf5 gxf5 15. Be3 Nd7 16. 0-0-0 a5 17. Kb1 Nf6 18. Qf3 a4 19. Bc1 b4 20. Ne2 e6 21. Rd3 h4 22. h3 Ne4 23. g4 hxg3 24. Nxg3 Rag8 25. Ne2 Qe7 26. Rdd1 Qh4 27. Rh2 Bf8 28. Rf1 Rh6 29. Qd3 Rhg6 30. Qa6 a3 31. Qxc6 axb2 32. Kxb2 Be7 33. Qa6 Qh8 34. Qd3 Ra8 35. Kb1 Qe8 36. Bb2 Qa4 37. Nc1 Nc3+ 38. Bxc3 bxc3 0-1

[Event "Titled Tuesday intern op 02nd Apr Early"]
[Site "Chess.com INT"]
[Date "2024.04.02"]
[Round "1"]
[White "Poormosavi, Seyed Kian"]
[Black "Parfenov, Viktor N"]
[Result "1-0"]
[WhiteElo "2392"]
[BlackElo "2193"]
[PlyCount "47"]
[EventDate "2024.04.02"]
[EventType "swiss (blitz)"]
[EventRounds "11"]
[EventCountry "USA"]
[SourceTitle "CB15_2024"]
[SourceDate "2024.04.10"]
[SourceVersion "1"]
[SourceVersionDate "2024.04.10"]
[SourceQuality "1"]

1. Nf3 d5 2. g3 Nf6 3. Bg2 e6 4. 0-0 Be7 5. b3 0-0 6. Bb2 b6 7. d3 Bb7 8. Nbd2 c5 9. e3 Nc6 10. Qe2 Qc7 11. c4 Rad8 12. Rad1 dxc4 13. Nxc4 Nd5 14. a3 Rfe8 15. d4 cxd4 16. Nxd4 Nxd4 17. Bxd4 b5 18. Ne5 Bxa3 19. Qxb5 f6 20. Nc4 Bf8 21. Qa5 Nb6 22. Qxa7 Nxc4 23. bxc4 Rb8 24. Rb1 1-0

[Event "Moscow Aeroflot op-A"]
[Site "Moscow"]
[Date "2024.03.05"]
[Round "6"]
[White "Shuvalova, Polina"]
[Black "Poormosavi, Seyed Kian"]
[Result "1-0"]
[WhiteElo "2455"]
[BlackElo "2384"]
[PlyCount "99"]
[EventDate "2024.03.03"]
[EventType "swiss"]
[EventRounds "9"]
[EventCountry "RUS"]
[SourceTitle "CB11_2024"]
[SourceDate "2024.03.13"]
[SourceVersion "1"]
[SourceVersionDate "2024.03.13"]
[SourceQuality "1"]

1. e4 c5 2. Nf3 Nc6 3. Bb5 e6 4. 0-0 Nge7 5. Re1 a6 6. Bf1 b6 7. d4 cxd4 8. Nxd4 Nxd4 9. Qxd4 Nc6 10. Qd3 Qc7 11. Nc3 Be7 12. a4 0-0 13. Be3 Bb7 14. Rad1 Rfd8 15. Qc4 Rac8 16. h3 h6 17. Nd5 exd5 18. exd5 Bf6 19. dxc6 dxc6 20. Bf4 Rxd1 21. Rxd1 Qe7 22. Bxh6 Rd8 23. Rxd8+ Qxd8 24. Be3 b5 25. Qb4 Bc8 26. Bd3 g6 27. b3 Be6 28. Qc5 Bd5 29. Bf4 Kg7 30. Bg3 Qa5 31. axb5 axb5 32. Kh2 Qd2 33. Qd6 Qc3 34. h4 Qd4 35. f3 Qa1 36. Qb4 Bc3 37. Qe7 Be6 38. Bf2 Be5+ 39. g3 Bd4 40. Bxd4+ Qxd4 41. Kg2 Bxb3 42. Qe4 Qb2 43. Qb4 Qc1 44. Qxb3 Qd2+ 45. Kf1 Qh2 46. Qc3+ f6 47. Qe1 Qh1+ 48. Ke2 Qg2+ 49. Qf2 Qh1 50. Be4 1-0

[Event "Titled Tuesday intern op 16th Jan Early"]
[Site "Chess.com INT"]
[Date "2024.01.16"]
[Round "6"]
[White "Iturrizaga Bonelli, Eduardo"]
[Black "Poormosavi, Seyed Kian"]
[Result "0-1"]
[WhiteElo "2600"]
[BlackElo "2384"]
[PlyCount "106"]
[EventDate "2024.01.16"]
[EventType "swiss (blitz)"]
[EventRounds "11"]
[EventCountry "USA"]
[SourceTitle "CB04_2024"]
[SourceDate "2023.10.16"]
[SourceVersion "1"]
[SourceVersionDate "2023.10.16"]
[SourceQuality "1"]

1. c4 Nf6 2. g3 c5 3. Nf3 Nc6 4. Bg2 g6 5. 0-0 Bg7 6. d4 cxd4 7. Nxd4 0-0 8. Nc3 d6 9. e3 Bd7 10. b3 Qc8 11. Re1 Bh3 12. Bh1 Qd7 13. Bb2 Rac8 14. Nde2 Bg4 15. Qd2 Ne5 16. Nd4 Nc6 17. Nxc6 bxc6 18. e4 e5 19. Bg2 Rfd8 20. Rac1 h5 21. Na4 Kh7 22. Rc3 Qe6 23. Rd3 Bh6 24. Qa5 Rd7 25. Ba3 Ne8 26. f3 Bh3 27. Red1 h4 28. Nc5 dxc5 29. Rxd7 Be3+ 30. Kh1 Bd4 31. Qxa7 Qxd7 32. Qa6 Bxg2+ 33. Kxg2 Qc7 34. Bc1 hxg3 35. hxg3 Kg7 36. Rh1 Qd8 37. Qa3 Ra8 38. Bh6+ Kg8 39. Qc1 Rxa2+ 40. Kh3 Qd7+ 41. g4 Qe7 42. Be3 Qf6 43. Kg3 Nc7 44. Bg5 Qg7 45. Be3 Ne6 46. Bxd4 cxd4 47. Qb1 Ra8 48. b4 Qf6 49. b5 Qf4+ 50. Kg2 Ng5 51. Qb3 Qd2+ 52. Kg3 Ra2 53. Kh4 Nxf3+ 0-1

[Event "Titled Tuesday intern op 09th Jan Early"]
[Site "Chess.com INT"]
[Date "2024.01.09"]
[Round "7"]
[White "Poormosavi, Seyed Kian"]
[Black "Iljin, Timofey"]
[Result "1-0"]
[WhiteElo "2384"]
[BlackElo "2285"]
[PlyCount "91"]
[EventDate "2024.01.09"]
[EventType "swiss (blitz)"]
[EventRounds "11"]
[EventCountry "USA"]
[SourceTitle "CB03_2024"]
[SourceDate "2024.01.17"]
[SourceVersion "1"]
[SourceVersionDate "2024.01.17"]
[SourceQuality "1"]

1. Nf3 f5 2. g3 Nf6 3. Bg2 g6 4. d4 Bg7 5. 0-0 0-0 6. c4 d6 7. Nc3 Qe8 8. d5 Na6 9. Nd4 Bd7 10. a3 Nc5 11. b4 Nce4 12. Bb2 Nxc3 13. Bxc3 Ne4 14. Bb2 c5 15. dxc6 bxc6 16. Rb1 e5 17. Nc2 Qe6 18. Qd3 d5 19. Rfd1 d4 20. e3 c5 21. exd4 cxd4 22. Re1 Rac8 23. c5 a6 24. Nxd4 exd4 25. f3 Bb5 26. Qd1 Rcd8 27. fxe4 f4 28. a4 Bc4 29. gxf4 Rxf4 30. Bc1 Rf7 31. b5 axb5 32. axb5 Qf6 33. b6 Qf2+ 34. Kh1 d3 35. Be3 Qh4 36. Qd2 Be5 37. Bg1 Bf4 38. Qc3 Be6 39. c6 d2 40. Red1 Bg4 41. c7 Rdf8 42. Rxd2 Bxd2 43. Qxd2 Bf3 44. Rc1 Bxg2+ 45. Qxg2 Qh6 46. c8Q 1-0

[Event "Titled Tuesday intern op 09th Jan Early"]
[Site "Chess.com INT"]
[Date "2024.01.09"]
[Round "10"]
[White "Poormosavi, Seyed Kian"]
[Black "Rustamov, Rustam"]
[Result "0-1"]
[WhiteElo "2384"]
[BlackElo "2261"]
[PlyCount "72"]
[EventDate "2024.01.09"]
[EventType "swiss (blitz)"]
[EventRounds "11"]
[EventCountry "USA"]
[SourceTitle "CB03_2024"]
[SourceDate "2024.01.17"]
[SourceVersion "1"]
[SourceVersionDate "2024.01.17"]
[SourceQuality "1"]

1. Nf3 Nf6 2. g3 e6 3. Bg2 d5 4. 0-0 Be7 5. b3 0-0 6. Bb2 c5 7. e3 Nc6 8. c4 d4 9. exd4 cxd4 10. d3 e5 11. Nbd2 Bf5 12. Qe2 Bd6 13. Ng5 Re8 14. Nge4 Nxe4 15. Nxe4 Bf8 16. a3 a5 17. Bc1 Bg6 18. Re1 f5 19. Nd2 Bf7 20. Qd1 Qb6 21. Qc2 Rad8 22. Rb1 e4 23. dxe4 d3 24. Qd1 Bc5 25. Rf1 Nd4 26. Bb2 Ne2+ 27. Kh1 Bh5 28. f3 fxe4 29. g4 Bf7 30. Nxe4 Rxe4 31. Qd2 Be3 32. Qe1 Ree8 33. b4 Qh6 34. h4 Bf4 35. Qf2 Ng3+ 36. Kg1 Be3 0-1

[Event "Titled Tuesday intern op 09th Jan Early"]
[Site "Chess.com INT"]
[Date "2024.01.09"]
[Round "6"]
[White "Shevchuk, Olexandr"]
[Black "Poormosavi, Seyed Kian"]
[Result "0-1"]
[WhiteElo "2093"]
[BlackElo "2384"]
[PlyCount "72"]
[EventDate "2024.01.09"]
[EventType "swiss (blitz)"]
[EventRounds "11"]
[EventCountry "USA"]
[SourceTitle "CB03_2024"]
[SourceDate "2024.01.17"]
[SourceVersion "1"]
[SourceVersionDate "2024.01.17"]
[SourceQuality "1"]

1. d4 Nf6 2. c4 b6 3. Nc3 Bb7 4. f3 d5 5. cxd5 Nxd5 6. e4 Nxc3 7. bxc3 e6 8. Be3 Be7 9. Bb5+ c6 10. Bc4 0-0 11. Ne2 Nd7 12. 0-0 c5 13. Qd2 Rc8 14. Rac1 Qc7 15. Bf4 Bd6 16. Rfd1 Rfd8 17. Bb5 a6 18. Ba4 b5 19. Bb3 Nb8 20. Bxd6 Rxd6 21. Qg5 Qd8 22. Qg3 cxd4 23. cxd4 Rxc1 24. Rxc1 Nc6 25. d5 exd5 26. Bxd5 Na5 27. Nf4 Bxd5 28. Nxd5 Nc4 29. h3 h6 30. Rd1 Rg6 31. Qf4 Kh7 32. h4 Qe8 33. Qf5 Kh8 34. Nc7 Qe7 35. Rd7 Qxh4 36. Rd8+ Qxd8 0-1

[Event "Titled Tuesday intern op 12th Dec Early"]
[Site "Chess.com INT"]
[Date "2023.12.12"]
[Round "7"]
[White "Mikaelyan, Arman"]
[Black "Poormosavi, Seyed Kian"]
[Result "0-1"]
[WhiteElo "2519"]
[BlackElo "2384"]
[PlyCount "78"]
[EventDate "2023.12.12"]
[EventType "swiss (blitz)"]
[EventRounds "11"]
[EventCountry "USA"]
[SourceTitle "CB51_2023"]
[SourceDate "2023.12.20"]
[SourceVersion "1"]
[SourceVersionDate "2023.12.20"]
[SourceQuality "1"]

1. d4 Nf6 2. c4 b6 3. Nc3 Bb7 4. f3 d5 5. cxd5 Nxd5 6. e4 Nxc3 7. bxc3 e6 8. Be3 Be7 9. Bb5+ c6 10. Bd3 0-0 11. Ne2 c5 12. 0-0 Nc6 13. a3 Rc8 14. Kh1 Qd7 15. f4 cxd4 16. cxd4 Na5 17. f5 Nc4 18. fxe6 Qxe6 19. Bg1 Bxe4 20. Nf4 Qf5 21. Bxe4 Qxe4 22. Qh5 g6 23. Qh6 Qf5 24. Nh3 Qd5 25. Rae1 Rce8 26. Rf4 Bd8 27. Ref1 Nd2 28. R1f2 Ne4 29. Rf1 f5 30. R4f3 Rf7 31. Nf4 Qd6 32. Nh3 Bf6 33. Qc1 Rc7 34. Qb2 Rec8 35. Qb3+ Kg7 36. Nf4 Rc3 37. Qb5 Rxf3 38. Rxf3 Nd2 39. Rf2 Nc4 0-1

[Event "Titled Tuesday intern op 12th Dec Early"]
[Site "Chess.com INT"]
[Date "2023.12.12"]
[Round "4"]
[White "Poormosavi, Seyed Kian"]
[Black "Kovalenko, Igor"]
[Result "1-0"]
[WhiteElo "2384"]
[BlackElo "2674"]
[PlyCount "117"]
[EventDate "2023.12.12"]
[EventType "swiss (blitz)"]
[EventRounds "11"]
[EventCountry "USA"]
[SourceTitle "CB51_2023"]
[SourceDate "2023.12.20"]
[SourceVersion "1"]
[SourceVersionDate "2023.12.20"]
[SourceQuality "1"]

1. Nf3 Nf6 2. g3 b5 3. Bg2 Bb7 4. 0-0 g6 5. b3 Bg7 6. Bb2 0-0 7. c4 a6 8. a4 b4 9. d3 a5 10. Nbd2 d6 11. Qc2 e5 12. e4 Na6 13. d4 exd4 14. Nxd4 Re8 15. Rfe1 Nc5 16. Rad1 Qc8 17. f3 h5 18. h4 Re7 19. Nf1 c6 20. Ne3 Qc7 21. Ndf5 gxf5 22. Nxf5 Ne8 23. Nxg7 Nxg7 24. Qd2 Re6 25. Re3 Rg6 26. f4 Re8 27. Qd4 Nce6 28. Qd2 Nc5 29. Kh2 Bc8 30. f5 Rh6 31. Qd4 f6 32. Kg1 Nb7 33. Kf2 Re5 34. Ree1 Ne8 35. Bc1 Rh7 36. Qa7 Nc5 37. Qxc7 Rxc7 38. Re3 Rce7 39. Rde1 Kh7 40. Bf3 Bxf5 41. exf5 Nd3+ 42. Rxd3 Rxe1 43. Bf4 c5 44. Bxh5 Rb1 45. Bf3 Rb2+ 46. Kf1 Kg7 47. g4 Rb1+ 48. Kf2 Ree1 49. g5 Rf1+ 50. Kg3 Rg1+ 51. Kh3 Rbf1 52. Re3 Kf8 53. g6 Ng7 54. Bh6 Re1 55. Rd3 Rgf1 56. Kg2 Rg1+ 57. Kh3 Rgf1 58. Bg2 Rxf5 59. Rxd6 1-0

[Event "Titled Tuesday intern op 12th Dec Early"]
[Site "Chess.com INT"]
[Date "2023.12.12"]
[Round "8"]
[White "Poormosavi, Seyed Kian"]
[Black "Pranav, V."]
[Result "0-1"]
[WhiteElo "2384"]
[BlackElo "2611"]
[PlyCount "66"]
[EventDate "2023.12.12"]
[EventType "swiss (blitz)"]
[EventRounds "11"]
[EventCountry "USA"]
[SourceTitle "CB51_2023"]
[SourceDate "2023.12.20"]
[SourceVersion "1"]
[SourceVersionDate "2023.12.20"]
[SourceQuality "1"]

1. Nf3 d5 2. g3 c5 3. Bg2 Nc6 4. d4 e6 5. 0-0 cxd4 6. Nxd4 Bc5 7. Nxc6 bxc6 8. c4 Nf6 9. Nc3 0-0 10. b3 Ba6 11. Na4 Bd6 12. Qc2 Rc8 13. Rd1 Qe7 14. Bb2 Rfd8 15. Rac1 e5 16. e3 h5 17. Qf5 g6 18. Qg5 Qe6 19. Qh4 Ng4 20. cxd5 cxd5 21. Rxc8 Rxc8 22. h3 Nf6 23. Nc3 d4 24. exd4 Be7 25. dxe5 Ng4 26. Bd5 Qb6 27. hxg4 Bxh4 28. gxh4 Bb7 29. gxh5 Rd8 30. hxg6 Qxg6+ 31. Kh2 Qh5 32. Bxf7+ Kxf7 33. Rxd8 Qxh4+ 0-1

[Event "Ayvalik Chestnut"]
[Site "Ayvalik"]
[Date "2023.09.18"]
[Round "1.6"]
[White "Citak, Selim"]
[Black "Poormosavi, Seyed Kian"]
[Result "1/2-1/2"]
[WhiteElo "2341"]
[BlackElo "2374"]
[PlyCount "127"]
[EventDate "2023.09.18"]
[EventType "schev"]
[EventRounds "9"]
[EventCountry "TUR"]
[SourceTitle "EXT 2024"]
[Source "ChessBase"]
[SourceDate "2023.10.10"]
[SourceVersion "1"]
[SourceVersionDate "2023.10.10"]
[SourceQuality "1"]
[WhiteTeam "Team C"]
[BlackTeam "Team D"]
[WhiteTeamCountry "TUR"]
[BlackTeamCountry "TUR"]

1. d4 Nf6 2. c4 e6 3. Nf3 d5 4. Nc3 h6 5. g3 Bd6 6. Bg2 0-0 7. 0-0 Nc6 8. Qd3 dxc4 9. Qxc4 e5 10. dxe5 Nxe5 11. Nxe5 Bxe5 12. Rd1 Qe7 13. Bf4 Be6 14. Qa4 Bxf4 15. Qxf4 c6 16. Qd6 Rfe8 17. e4 Nd7 18. Qxe7 Rxe7 19. f4 f6 20. Kf2 Nb6 21. Bf1 a5 22. Rd4 Rd7 23. Rad1 Rxd4 24. Rxd4 Kf8 25. Ke3 Ke7 26. Be2 Nd7 27. Rd1 b5 28. Rc1 Nb6 29. b3 Kd7 30. Rd1+ Kc7 31. Rc1 Kb7 32. Bf3 a4 33. e5 axb3 34. axb3 fxe5 35. Nxb5 exf4+ 36. gxf4 Nd5+ 37. Bxd5 Bxd5 38. Nc3 Bf7 39. b4 Kb6 40. Rg1 g6 41. Rd1 Ra3 42. Kd2 Be6 43. Kc2 Bf5+ 44. Kb2 Ra8 45. Rd6 Kc7 46. Rd4 Re8 47. b5 cxb5 48. Nxb5+ Kc6 49. Nd6 Re2+ 50. Kc3 Bb1 51. h4 Rc2+ 52. Kb4 Rh2 53. Nf7 Rxh4 54. Rd6+ Kc7 55. Kc5 Rxf4 56. Rc6+ Kd7 57. Ne5+ Kd8 58. Rd6+ Ke8 59. Re6+ Kf8 60. Nxg6+ Bxg6 61. Rxg6 Rh4 62. Kd5 Kf7 63. Ra6 Rh5+ 64. Kd4 1/2-1/2

[Event "Ayvalik Walnut"]
[Site "Ayvalik"]
[Date "2023.09.14"]
[Round "5.2"]
[White "Poormosavi, Seyed Kian"]
[Black "Rasulov, Vugar Ural Oglu"]
[Result "0-1"]
[WhiteElo "2374"]
[BlackElo "2538"]
[PlyCount "94"]
[EventDate "2023.09.11"]
[EventType "schev"]
[EventRounds "9"]
[EventCountry "TUR"]
[SourceTitle "EXT 2024"]
[Source "ChessBase"]
[SourceDate "2023.10.10"]
[SourceVersion "1"]
[SourceVersionDate "2023.10.10"]
[SourceQuality "1"]
[WhiteTeam "Team D"]
[BlackTeam "Team B"]
[WhiteTeamCountry "TUR"]
[BlackTeamCountry "TUR"]

1. e4 c5 2. c3 d5 3. exd5 Qxd5 4. Nf3 Nc6 5. Na3 Bf5 6. Nc2 Bd3 7. Ne3 Qd7 8. Bxd3 Qxd3 9. Qb3 Rb8 10. a4 e6 11. Qb5 Qd7 12. a5 Nf6 13. Nc4 Be7 14. 0-0 0-0 15. Qa4 Rfd8 16. Re1 h6 17. h3 Bd6 18. d3 Bc7 19. Rd1 Nd5 20. d4 b5 21. axb6 axb6 22. Nce5 Nxe5 23. dxe5 Qxa4 24. Rxa4 b5 25. Rg4 Nf6 26. Rxg7+ Kxg7 27. exf6+ Kxf6 28. Re1 Kg7 29. Be3 Rd5 30. g3 Rbd8 31. Kg2 Rd1 32. Re2 Bd6 33. c4 b4 34. Nd2 Be7 35. Nb3 R8d3 36. Bxc5 Kf8 37. Bxe7+ Kxe7 38. Nc5 R3d2 39. Kf3 Rxe2 40. Kxe2 Rc1 41. Kd3 Kd6 42. Ne4+ Kc6 43. b3 f5 44. Nd2 Rc3+ 45. Ke2 Kc5 46. f3 Kd4 47. g4 Rc2 0-1

[Event "Ayvalik Lemon"]
[Site "Ayvalik"]
[Date "2023.09.06"]
[Round "4"]
[White "Akbas, Umut Ata"]
[Black "Poormosavi, Seyed Kian"]
[Result "1/2-1/2"]
[WhiteElo "2443"]
[BlackElo "2374"]
[PlyCount "129"]
[EventDate "2023.09.04"]
[EventType "schev"]
[EventRounds "9"]
[EventCountry "TUR"]
[SourceTitle "EXT 2024"]
[Source "ChessBase"]
[SourceDate "2023.10.10"]
[SourceVersion "1"]
[SourceVersionDate "2023.10.10"]
[SourceQuality "1"]
[WhiteTeam "Team A"]
[BlackTeam "Team D"]
[WhiteTeamCountry "TUR"]
[BlackTeamCountry "TUR"]

1. e4 c5 2. Nf3 a6 3. c3 e6 4. d4 d5 5. e5 Nc6 6. Bd3 Qb6 7. 0-0 Bd7 8. dxc5 Bxc5 9. b4 Be7 10. Re1 f6 11. Bf4 fxe5 12. Nxe5 Nxe5 13. Bxe5 Nf6 14. Nd2 0-0 15. Nf3 Bd6 16. Bd4 Qc7 17. Ne5 Rae8 18. Re3 Re7 19. Qe2 Bb5 20. Bxb5 axb5 21. f3 Nd7 22. Nxd7 Qxd7 23. g3 e5 24. Bxe5 Rxe5 25. Rxe5 Bxe5 26. Qxe5 Rxf3 27. Rf1 Rxf1+ 28. Kxf1 h6 29. Ke2 Qc6 30. a3 Qc4+ 31. Ke3 Kh8 32. Qd4 Qa2 33. Qd2 Qxa3 34. Kd4 Qa6 35. Kxd5 Qc6+ 36. Ke5 Qf6+ 37. Ke4 Qe6+ 38. Kf3 Qf5+ 39. Kg2 Qe4+ 40. Kf2 Qf5+ 41. Ke2 Qe4+ 42. Qe3 Qc2+ 43. Kf3 Qf5+ 44. Kg2 Qc2+ 45. Kh3 Qf5+ 46. g4 Qd5 47. Kg3 Kg8 48. Qd4 Qc6 49. h4 Qc7+ 50. Kg2 Qc6+ 51. Kf2 Kf7 52. h5 Kg8 53. Ke3 Kf7 54. Qf4+ Ke7 55. Qe5+ Kf7 56. Qd4 Qe6+ 57. Kd3 Qc6 58. Qf4+ Ke7 59. Qe5+ Kf7 60. Qf5+ Ke7 61. Kc2 Qg2+ 62. Kb3 Qc6 63. Qf4 Qd5+ 64. Kb2 Qg2+ 65. Kb3 1/2-1/2

[Event "Ayvalik Lemon"]
[Site "Ayvalik"]
[Date "2023.09.05"]
[Round "2"]
[White "Poormosavi, Seyed Kian"]
[Black "Bryakin, Mikhail"]
[Result "0-1"]
[WhiteElo "2374"]
[BlackElo "2481"]
[PlyCount "68"]
[EventDate "2023.09.04"]
[EventType "schev"]
[EventRounds "9"]
[EventCountry "TUR"]
[SourceTitle "EXT 2024"]
[Source "ChessBase"]
[SourceDate "2023.10.10"]
[SourceVersion "1"]
[SourceVersionDate "2023.10.10"]
[SourceQuality "1"]
[WhiteTeam "Team D"]
[BlackTeam "Team B"]
[WhiteTeamCountry "TUR"]
[BlackTeamCountry "TUR"]

1. Nf3 d5 2. g3 Nc6 3. d4 Bf5 4. Bg2 Nb4 5. Na3 e6 6. 0-0 Be7 7. c3 Na6 8. Nc2 Nf6 9. b4 c6 10. Ne3 Be4 11. a4 Nb8 12. Qb3 Nbd7 13. c4 0-0 14. Ba3 h6 15. Rfc1 Rc8 16. Nd2 Bxg2 17. Kxg2 Re8 18. Ra2 dxc4 19. Nexc4 Nb6 20. e3 Qd5+ 21. f3 Nxc4 22. Rxc4 h5 23. Rac2 a6 24. e4 Qd7 25. Qe3 b5 26. axb5 cxb5 27. Rxc8 Rxc8 28. Ra2 Qc6 29. Nb3 Qc4 30. Bc1 Bxb4 31. Ra1 Qc2+ 32. Bd2 Rc3 33. Rc1 Rxe3 34. Rxc2 Rxb3 0-1

[Event "Titled Tuesday intern op 29th Aug Early"]
[Site "Chess.com INT"]
[Date "2023.08.29"]
[Round "6"]
[White "Poormosavi, Seyed Kian"]
[Black "Akylbekov, Nasyr"]
[Result "1-0"]
[WhiteElo "2372"]
[BlackElo "2239"]
[PlyCount "125"]
[EventDate "2023.08.29"]
[EventType "swiss (blitz)"]
[EventRounds "11"]
[EventCountry "USA"]
[SourceTitle "EXT 2024"]
[Source "ChessBase"]
[SourceDate "2023.10.10"]
[SourceVersion "1"]
[SourceVersionDate "2023.10.10"]
[SourceQuality "1"]

1. Nf3 Nf6 2. g3 b6 3. Bg2 Bb7 4. 0-0 e6 5. b3 Be7 6. Bb2 0-0 7. c4 d6 8. d3 Nbd7 9. Nbd2 Re8 10. Rc1 c5 11. e4 a5 12. Qe2 Qc7 13. d4 Red8 14. d5 e5 15. a4 Nf8 16. Ne1 N6d7 17. f4 Bf6 18. Nd3 Re8 19. h4 exf4 20. Bxf6 Nxf6 21. gxf4 Bc8 22. Rce1 Bg4 23. Qf2 h5 24. e5 N6h7 25. Ne4 dxe5 26. fxe5 Ng6 27. Nd6 Rf8 28. Nb5 Qe7 29. d6 Qxh4 30. Bxa8 Qxf2+ 31. Nxf2 Rxa8 32. Nxg4 hxg4 33. e6 fxe6 34. Rxe6 Ngf8 35. Re7 Ng5 36. Rd1 Rd8 37. d7 Ngh7 38. Na7 Nf6 39. Nc6 Rxd7 40. Rdxd7 N8xd7 41. Ne5 Nxe5 42. Rxe5 Kf7 43. Kg2 Nd7 44. Rd5 Ke6 45. Kg3 Nf6 46. Rd8 Kf5 47. Rb8 Ne4+ 48. Kg2 g5 49. Rxb6 g3 50. Rb5 Kg4 51. Rxa5 Nf6 52. Rxc5 Nh5 53. a5 Nf4+ 54. Kh1 g2+ 55. Kh2 Kh4 56. Rxg5 Kxg5 57. a6 Ne6 58. a7 Nc7 59. b4 Kf4 60. b5 Kf3 61. Kg1 Kg3 62. b6 Ne6 63. a8Q 1-0

[Event "Titled Tuesday intern op 29th Aug Early"]
[Site "Chess.com INT"]
[Date "2023.08.29"]
[Round "3"]
[White "Poormosavi, Seyed Kian"]
[Black "Livaic, Leon"]
[Result "1-0"]
[WhiteElo "2372"]
[BlackElo "2558"]
[PlyCount "55"]
[EventDate "2023.08.29"]
[EventType "swiss (blitz)"]
[EventRounds "11"]
[EventCountry "USA"]
[SourceTitle "EXT 2024"]
[Source "ChessBase"]
[SourceDate "2023.10.10"]
[SourceVersion "1"]
[SourceVersionDate "2023.10.10"]
[SourceQuality "1"]

1. e4 c5 2. Nf3 d6 3. Bb5+ Nd7 4. 0-0 a6 5. Bd3 Ngf6 6. Re1 g6 7. c3 Bg7 8. Bc2 0-0 9. a4 b6 10. d4 cxd4 11. cxd4 Bb7 12. Nc3 Rc8 13. h3 Rc7 14. Bf4 Qa8 15. Qd2 Rcc8 16. Rac1 Rfe8 17. Bb1 e5 18. Bh6 exd4 19. Nxd4 Bxh6 20. Qxh6 Nxe4 21. Bxe4 Bxe4 22. f3 Bb7 23. Qg5 Re5 24. Rxe5 dxe5 25. Nf5 Kh8 26. Rd1 gxf5 27. Rxd7 Rc6 28. Rd8+ 1-0

[Event "Abu Dhabi op 29th"]
[Site "Abu Dhabi"]
[Date "2023.08.24"]
[Round "9"]
[White "Dixit, Nikhil"]
[Black "Poormosavi, Seyed Kian"]
[Result "0-1"]
[WhiteElo "2330"]
[BlackElo "2372"]
[PlyCount "132"]
[EventDate "2023.08.16"]
[EventType "swiss"]
[EventRounds "9"]
[EventCountry "UAE"]
[SourceTitle "EXT 2024"]
[Source "ChessBase"]
[SourceDate "2023.10.10"]
[SourceVersion "1"]
[SourceVersionDate "2023.10.10"]
[SourceQuality "1"]

1. e4 g6 2. d4 Bg7 3. Nc3 c6 4. Bc4 d6 5. Qf3 e6 6. Nge2 Nd7 7. Bf4 Qe7 8. h4 e5 9. Bg5 Ngf6 10. d5 h6 11. Bxf6 Nxf6 12. a4 a5 13. Qe3 0-0 14. f3 h5 15. 0-0-0 Qc7 16. Kb1 Rd8 17. g4 b5 18. g5 Nxe4 19. fxe4 bxc4 20. dxc6 Qxc6 21. Nd5 Qb7 22. Nec3 Rb8 23. Nb5 Bd7 24. Ndc3 Bc6 25. Rd2 Qb6 26. Qxb6 Rxb6 27. Rxd6 Rxd6 28. Nxd6 f6 29. Nxc4 Rb4 30. b3 fxg5 31. hxg5 Bd7 32. Nd5 Rb8 33. Nf6+ Bxf6 34. gxf6 Bxa4 35. Nxe5 Be8 36. Kc1 Rb5 37. Nc4 Bf7 38. Nd6 Re5 39. Re1 g5 40. Kd2 Bg6 41. Kc3 Rc5+ 42. Kd4 Rxc2 43. e5 Rd2+ 44. Kc5 Rf2 45. Kc6 g4 46. Kd7 g3 47. Ke7 g2 48. e6 h4 49. f7+ Kh7 50. Ne8 Bxf7 51. exf7 Rf1 52. Nf6+ Kg6 53. Rxf1 gxf1Q 54. f8Q Qe2+ 55. Kd6 Qh2+ 56. Ke6 Qh3+ 57. Kd6 Qg3+ 58. Kd7 Qd3+ 59. Ke7 Qe3+ 60. Kd7 Qd4+ 61. Ke6 Qe3+ 62. Kd7 Qxb3 63. Kc6 Qc4+ 64. Kb6 Qb4+ 65. Qxb4 axb4 66. Ne4 b3 0-1